[Event "FRA-ch U14 Girls"]
[Site "Saint Paul Trois Chateaux"]
[Date "2013.05.01"]
[Round "4"]
[White "Leriche, Ines"]
[Black "Brin Vervat, Emma"]
[Result "1-0"]
[WhiteElo "1761"]
[BlackElo "1546"]
[PlyCount "93"]
[EventDate "2013.04.28"]
[EventType "swiss"]
[EventRounds "9"]
[EventCountry "FRA"]
[SourceTitle "CBM 154 Extra"]
[Source "ChessBase"]
[SourceDate "2013.06.25"]
[SourceVersion "2"]
[SourceVersionDate "2013.06.25"]
[SourceQuality "1"]

1. d4 Nf6 2. c4 g6 3. Nc3 d5 4. cxd5 Nxd5 5. e4 Nxc3 6. bxc3 Bg7 7. Nf3 0-0 8. h3 c5 9. Be2 Nc6 10. Be3 cxd4 11. cxd4 Qa5+ 12. Bd2 Qd8 13. Be3 Qa5+ 14. Bd2 Qd8 15. d5 Ne5 16. Nxe5 Bxe5 17. Rb1 b6 18. 0-0 Bb7 19. Bh6 Bg7 20. Bxg7 Kxg7 21. Qd4+ Kg8 22. Rfd1 Rc8 23. a4 Rc5 24. Rdc1 Rxc1+ 25. Rxc1 Qd6 26. a5 Rc8 27. Rxc8+ Bxc8 28. axb6 Qxb6 29. Qxb6 axb6 30. f4 Bd7 31. Kf2 f6 32. Ke3 Kf8 33. Kd4 Ke8 34. e5 fxe5+ 35. fxe5 Kd8 36. h4 h5 37. Bd3 Bf5 38. Bxf5 gxf5 39. Kc4 Kc7 40. Kb4 Kb7 41. g3 Kc7 42. Kb5 Kb7 43. d6 exd6 44. exd6 Kc8 45. Kxb6 Kd7 46. Kc5 Ke8 47. Kb5 1-0

[Event "FRA-ch U14 Girls"]
[Site "Saint Paul Trois Chateaux"]
[Date "2013.04.30"]
[Round "3"]
[White "Brin Vervat, Emma"]
[Black "Sahraoui, Sophia"]
[Result "1-0"]
[WhiteElo "1546"]
[BlackElo "1310"]
[PlyCount "107"]
[EventDate "2013.04.28"]
[EventType "swiss"]
[EventRounds "9"]
[EventCountry "FRA"]
[SourceTitle "CBM 154 Extra"]
[Source "ChessBase"]
[SourceDate "2013.06.25"]
[SourceVersion "2"]
[SourceVersionDate "2013.06.25"]
[SourceQuality "1"]

1. e4 e5 2. Nf3 Nc6 3. d4 exd4 4. Nxd4 Bc5 5. Nb3 Bb6 6. a4 a6 7. Nc3 Nf6 8. Bg5 d6 9. Nd5 Be6 10. Bxf6 gxf6 11. Nxb6 cxb6 12. Nd4 Qc7 13. c3 0-0-0 14. g3 Rde8 15. Bg2 Kb8 16. 0-0 Reg8 17. b4 a5 18. Nb5 Qc8 19. Qxd6+ Ka8 20. Nc7+ Ka7 21. Nb5+ Ka8 22. Nc7+ Ka7 23. Nb5+ Ka8 24. bxa5 bxa5 25. Nc7+ Ka7 26. Nb5+ Ka8 27. Rab1 Rd8 28. Nc7+ Kb8 29. Na6+ Ka7 30. Qc5+ Ka8 31. e5 Bd7 32. Rb6 bxa6 33. Bxc6+ Bxc6 34. Qxc6+ Qxc6 35. Rxc6 fxe5 36. Rxa6+ Kb7 37. Rxa5 f6 38. Rb5+ Ka6 39. Rfb1 Rd6 40. Rb8 Rxb8 41. Rxb8 Rc6 42. Rh8 Rc7 43. Kg2 Ka5 44. Ra8+ Kb6 45. a5+ Kb7 46. Rf8 Rc6 47. Rf7+ Ka6 48. Rxh7 Kxa5 49. h4 Rxc3 50. h5 Rc8 51. Rf7 Rh8 52. g4 Rh6 53. Rg7 Kb6 54. Rg6 1-0

[Event "FRA-chT Top 12 (Women)"]
[Site "Archamps"]
[Date "2013.02.16"]
[Round "2.6"]
[White "Fortuit, Emilie"]
[Black "Brin Vervat, Emma"]
[Result "1-0"]
[WhiteElo "1951"]
[BlackElo "1545"]
[PlyCount "77"]
[EventDate "2013.02.15"]
[EventType "team-swiss"]
[EventRounds "5"]
[EventCountry "FRA"]
[SourceTitle "CBM 152 Extra"]
[Source "ChessBase"]
[SourceDate "2013.02.25"]
[SourceVersion "1"]
[SourceVersionDate "2013.02.25"]
[SourceQuality "1"]
[WhiteTeam "Juvisy  (W)"]
[BlackTeam "Vaucluse (W)"]
[WhiteTeamCountry "FRA"]
[BlackTeamCountry "FRA"]

1. e4 e5 2. Bc4 Nc6 3. Nf3 Be7 4. c3 Nf6 5. d3 0-0 6. 0-0 a6 7. a4 Re8 8. b4 d6 9. Qb3 Rf8 10. Re1 Bg4 11. Nbd2 Nd7 12. a5 Na7 13. d4 Bf6 14. Bb2 Nb5 15. Be2 Be6 16. d5 Bg4 17. c4 Na7 18. Ba3 Be7 19. h3 Bh5 20. Qc2 Rc8 21. Nxe5 Bxe2 22. Nxd7 Qxd7 23. Rxe2 Bf6 24. Rae1 Rfe8 25. Bb2 Be5 26. Nf3 Bxb2 27. Qxb2 Re7 28. Qd4 b6 29. e5 dxe5 30. Rxe5 Rce8 31. axb6 cxb6 32. Qxb6 Rxe5 33. Rxe5 Rxe5 34. Nxe5 Qe7 35. Qb8+ Qf8 36. Qxa7 f6 37. Nc6 Qe8 38. Qb8 Qxb8 39. Nxb8 1-0